Zákon o verejnom obstarávaní Zákon č. 345/2015 Z. z. o verejnom obstarávaní s komentárom

Zákon č. 345/2015 Z. z. o verejnom obstarávaní s komentárom. Reforma verejného obstarávania a ostatné zmeny vo verejnom obstarávaní. Princípy a ciele verejného obstarávania.

Gespeichert in:
Bibliographische Detailangaben
1. Verfasser: Zachar, Juraj
Format: Buchkapitel
Sprache:Slowakisch
Schlagworte:
Tags: Tag hinzufügen
Keine Tags, Fügen Sie das erste Tag hinzu!

MARC

LEADER 00000naa a2200000 4500
001 0273381
005 20210430131947.6
041 0 |a slo 
044 |a SK 
245 1 0 |a Zákon o verejnom obstarávaní  |b Zákon č. 345/2015 Z. z. o verejnom obstarávaní s komentárom  |c Juraj Zachar 
520 |a Zákon č. 345/2015 Z. z. o verejnom obstarávaní s komentárom. Reforma verejného obstarávania a ostatné zmeny vo verejnom obstarávaní. Princípy a ciele verejného obstarávania. 
610 2 0 |a legislatíva 
610 2 0 |a obstarávanie verejné 
610 2 0 |a rozpočet štátny 
610 2 0 |a Slovensko 
100 1 |a Zachar, Juraj